Ciudades de Argentina sin Vocales - Estadísticas

Estadísticas generales
  • Esta prueba ha sido intentada 244 veces
    197 desde el último reinicio
  • La puntuación promedio es 14 de 15
Estadísticas de respuestas
Pista Ciudad % Correcto
C_RD_B_ Córdoba
100%
L_ PL_T_ La Plata
99%
M_R D_L PL_T_ Mar del Plata
99%
M_ND_Z_ Mendoza
99%
S_NT_ F_ Santa Fe
99%
S_LT_ Salta
98%
B_H__ BL_NC_ Bahía Blanca
97%
R_S_R__ Rosario
94%
F_RM_S_ Formosa
93%
P_S_D_S Posadas
91%
S_N S_LV_D_R D_ J_J_Y San Salvador de Jujuy
90%
P__RT_ _RG_NT_N_ Puerto Argentino
87%
R_S_ST_NC__ Resistencia
87%
C_M_D_R_ R_V_D_V__ Comodoro Rivadavia
81%
G__YM_LL_N Guaymallén
77%
No se encontraron pruebas coincidentes
Distribución de puntuación
Porcentaje de gente con cada puntuación
Porcentaje por número respondido
Historial de tus puntuaciones
No has intentado esta prueba desde el último reinicio